000 01045nam a2200289 i 4500
003 EG-GICUC
005 20260416081835.0
008 260415s1950 fr a|||fr|||| 000 0 fre d
040 _aEG-GiCUC
_bfre
_cEG-GiCUC
_dEG-GiCUC
_eRda
041 0 _afre
082 0 4 _221
_a343
_bPI . T
092 0 4 _221
099 _aLaw1 10 343 PI . T 1950
100 1 _a Pinatel, Jean
_eAuteur
245 1 0 _aTraité Élémentaire De Science Pénitentiaire Et De Défense Sociale :
_bLégislation Pénitentiaire, Administration Pénitentiaire, Régime Pénitentiaire, Problèmes De Défense Sociale /
_cJean Pinatel.
264 1 _aparis
_bImprimerie Administrative Melun.
_c1950
300 _a567 page :
_billustration ;
_c 24 cm.
336 _2rda contenu
_a texte
337 _2rda medias
_aOrdinateur
338 _2 transporteur rda
_a Ressource en ligne
546 _aTexte en français
650 1 _aDroit pénal
_2qrmak
651 1 _2qrmak
856 4 0 _uhttps://fll.law.cu.edu.eg/fulltext/bks/B10-09171.pdf
905 _a158
942 _2ddc
_n0
_cBK
_e21
999 _c71019
_d71019